000 00851cab a2200241 4500
001 ABS45978
008 090401t1992 xxu||||| |||| 00| 0 eng d
035 _a(Sirsi) u56158
041 _aeng
100 _aChalkley, R.
245 _aClients` money - a guide to RICS members` accounts regulations
260 _c1992
350 _a0
490 _aCSM (Chartered Surveyor Monthly)
_v1(6) March 1992, 8-9(2)
520 _aGives guidance on the RICS members accounts regulations focusing on the holding of clients money, which is done not only by estate agents but also by quantity surveyors and building surveyors.
650 _aCLIENTS MONEY
650 _aDEFINITION
650 _aRICS MEMBERS' ACCOUNTS RULES
690 _aMANAGEMENT-BUSINESS MANAGEMENT-PROFESSIONAL PRACTICE
700 _aBond, I.
942 _n0
948 _c04/03/1997
999 _c34259
_d34259